| 000 | 01368 aa a2200289 4500 | ||
|---|---|---|---|
| 005 | 20120321094841.0 | ||
| 008 | 081107t xxu||||| |||| 00| 0 hin d | ||
| 010 | _a | ||
| 020 |
_a _c400.00 |
||
| 035 | _aB-199550 | ||
| 037 | _bआत्माराम एण्ड सन्ज | ||
| 040 |
_aDPL _bHN |
||
| 082 | _a306.0954 | ||
| 100 |
_aहरिदत्त वेदालंकार _944018 |
||
| 245 |
_aभारत का सांस्कृतिक इतिहास / _cहरिदत्त वेदालंकार |
||
| 246 |
_aBhaarata kaa Saanskritika Itihasa _bby Hari Dutt Vedalankar |
||
| 260 |
_aदिल्ली _bआत्माराम एण्ड सन्ज़ _c2006 |
||
| 270 |
_a1376, कश्मीरी गेट _bदिल्ली _e110006 _k011 23946466, 23973082 _matmaram_books@hotmail.com |
||
| 300 |
_a279पृ. _c22सेमी (सजिल्द) |
||
| 651 |
_aभारत _xइतिहास _944019 |
||
| 651 |
_aIndia _xHistory _9638 |
||
| 651 |
_aभारत _xसभ्यता _944020 |
||
| 651 |
_aIndia _xCivilization _944021 |
||
| 942 |
_adpl _cHN _2ddc _mवेदालं _h306.0954 |
||
| 999 |
_c64191 _d64191 |
||